[Event "Dublin zt"]
[Site "Dublin"]
[Date "1993.??.??"]
[Round "9"]
[White "Greer, Kieran"]
[Black "Smith, Andrew Philip"]
[Result "0-1"]
[WhiteElo "2230"]
[BlackElo "2265"]
[EventDate "1993.04.??"]
[PlyCount "54"]

1.e4 e5 2.Nf3 d6 3.Bc4 Qf6 4.Nc3 c6 5.d4 h6 6.h3 Be7 7.dxe5 dxe5 8.Be3 Nd7
9.a4 Nb6 10.Bxb6 axb6 11.O-O Bc5 12.Qd3 Ne7 13.Ne2 g5 14.Rfd1 Ng6 15.c3 h5
16.Qd2 Be7 17.Kh1 g4 18.Nfg1 gxh3 19.Nxh3 Bxh3 20.gxh3 Qf3+ 21.Kh2 Nh4 22.
Qd7+ Kf8 23.Rg1 Rd8 24.Qxb7 Qxf2+ 25.Kh1 Qf3+ 26.Kh2 Qxe4 27.Bxf7 Qxe2+ 
0-1

[Event "Dublin zt"]
[Site "Dublin"]
[Date "1993.??.??"]
[Round "9"]
[White "Hodgson, Julian M"]
[Black "Crouch, Colin S"]
[Result "0-1"]
[WhiteElo "2565"]
[BlackElo "2415"]
[EventDate "1993.04.??"]
[PlyCount "66"]

1.d4 d5 2.c4 e6 3.Nc3 Nf6 4.cxd5 exd5 5.Bg5 Be7 6.e3 c6 7.Bd3 Nbd7 8.Nge2 
O-O 9.Qc2 Re8 10.O-O Nf8 11.Rab1 Nh5 12.Bxe7 Qxe7 13.b4 a6 14.a4 Qg5 15.b5
Re6 16.bxa6 bxa6 17.Bf5 Rh6 18.Bxc8 Rxc8 19.Rb7 Nf6 20.Ng3 g6 21.h3 c5 22.
Nce2 c4 23.Rfb1 N6d7 24.Nc3 Rh4 25.Qe2 Rc6 26.Qf3 Rd6 27.Ra7 Kg7 28.Nge2 
Rf6 29.Qxd5 Rf5 30.Qxc4 Ne5 31.Qc7 Rxh3 32.dxe5 Rh1+ 33.Kxh1 Qh4+ 0-1

[Event "Dublin zt"]
[Site "Dublin"]
[Date "1993.??.??"]
[Round "9"]
[White "Keogh, Eamon"]
[Black "Noyce, Robert"]
[Result "1-0"]
[WhiteElo "2215"]
[BlackElo "2245"]
[EventDate "1993.04.??"]
[PlyCount "95"]

1.e4 g6 2.d4 d6 3.Be3 Bg7 4.Qd2 a6 5.Nc3 b5 6.f3 Nd7 7.g4 Bb7 8.Nge2 c6 9.
Ng3 Qc7 10.a4 b4 11.Nce2 c5 12.a5 Rb8 13.Bg2 e5 14.c3 bxc3 15.bxc3 Ne7 16.
d5 Bc8 17.O-O Rb5 18.c4 Rb4 19.Qc2 O-O 20.Bd2 Rb8 21.h4 f5 22.gxf5 gxf5 
23.Bg5 Nf6 24.exf5 h6 25.Bd2 Nh7 26.Bh3 e4 27.fxe4 Bxa1 28.Rxa1 Nf6 29.
Bxh6 Rf7 30.Bg5 Kh7 31.Qc3 Neg8 32.Nf4 Qb7 33.e5 dxe5 34.Qxe5 Qb2 35.Qxb2 
Rxb2 36.Ne6 Rb3 37.Kf2 Rb2+ 38.Ke3 Rb3+ 39.Kf4 Rc3 40.Bf1 Bxe6 41.dxe6 Rb7
42.Ne4 Nxe4 43.Kxe4 Rbb3 44.Rd1 Kg7 45.Rd7+ Kf8 46.f6 Re3+ 47.Kd5 Nxf6+ 
48.Bxf6 1-0

[Event "Dublin zt"]
[Site "Dublin"]
[Date "1993.??.??"]
[Round "9"]
[White "Ludgate, Alan"]
[Black "Brady, Stephen"]
[Result "1-0"]
[WhiteElo "2250"]
[BlackElo "2305"]
[EventDate "1993.04.??"]
[PlyCount "53"]

1.c4 c5 2.Nc3 Nc6 3.g3 g6 4.Bg2 Bg7 5.a3 e6 6.Rb1 Nge7 7.b4 cxb4 8.axb4 d5
9.b5 Ne5 10.cxd5 exd5 11.d4 Nc4 12.e3 Bf5 13.Ra1 h5 14.h4 O-O 15.Nge2 Qd7 
16.O-O Rfc8 17.Qb3 Bh3 18.Bxh3 Qxh3 19.Nf4 Qd7 20.Ra2 Bh6 21.Ba3 Nxa3 22.
Ncxd5 Kh8 23.Nf6 Qd6 24.Qxf7 Bg7 25.Qxe7 Qxf6 26.Qxf6 Bxf6 27.Rxa3 1-0

[Event "Dublin zt"]
[Site "Dublin"]
[Date "1993.??.??"]
[Round "9"]
[White "Mannion, Stephen R"]
[Black "Rossiter, Philip J"]
[Result "0-1"]
[WhiteElo "2405"]
[BlackElo "2270"]
[EventDate "1993.04.??"]
[PlyCount "106"]

1.e4 c5 2.Nf3 e6 3.d4 cxd4 4.Nxd4 Nf6 5.Nc3 d6 6.g4 h6 7.h4 Nc6 8.Rg1 h5 
9.gxh5 Nxh5 10.Be3 Nf6 11.Qd2 a6 12.O-O-O Bd7 13.f4 Rxh4 14.Nf3 Rh5 15.Ng5
Rc8 16.Qf2 b5 17.Bb6 Qe7 18.a3 g6 19.Be2 Bg7 20.Bxh5 Nxh5 21.e5 d5 22.Nce4
Nxe5 23.Bc5 Rxc5 24.Nxc5 Nc4 25.c3 Bc8 26.Kb1 a5 27.Rge1 Qd6 28.Nh3 Kf8 
29.Ka2 Kg8 30.Re2 Qc6 31.Ng5 Bf8 32.b4 axb4 33.cxb4 Qc7 34.Rf1 Bg7 35.Qf3 
Bb7 36.Qd3 Bc6 37.Ref2 d4 38.Kb1 Nf6 39.Re1 Nd5 40.Nge4 Nxf4 41.Qf3 e5 42.
Qg3 Qa7 43.Ra2 Bd5 44.a4 Ne3 45.Ra1 Bxe4+ 46.Nxe4 bxa4 47.Nc5 Nfd5 48.Rc1 
a3 49.Qh3 Nxb4 50.Qf3 Bf8 51.Qh3 a2+ 52.Kb2 Nd3+ 53.Kb3 Nxc5+ 0-1

[Event "Dublin zt"]
[Site "Dublin"]
[Date "1993.??.??"]
[Round "9"]
[White "Parker, Jonathan"]
[Black "Daly, Colm"]
[Result "1-0"]
[WhiteElo "2350"]
[BlackElo "2275"]
[EventDate "1993.04.??"]
[PlyCount "75"]

1.d4 Nf6 2.c4 g6 3.Nc3 Bg7 4.e4 d6 5.h3 O-O 6.Bg5 c5 7.d5 e6 8.Bd3 exd5 9.
exd5 h6 10.Be3 Re8 11.Qd2 b5 12.cxb5 a6 13.Nge2 axb5 14.Bxb5 Ne4 15.Nxe4 
Rxe4 16.Bd3 Rb4 17.Nc3 Qh4 18.Rc1 Nd7 19.a3 Rb6 20.g3 Qe7 21.Kf1 Ne5 22.
Be2 Ba6 23.Kg2 Qb7 24.Rb1 Nc4 25.Bxc4 Bxc4 26.Bxh6 Bd4 27.Rhe1 Rb3 28.Qf4 
Bxc3 29.bxc3 Qxd5+ 30.Kh2 Rxc3 31.Re4 Rc2 32.Rbe1 Qf5 33.Kg1 Qxh3 34.Re8+ 
Kh7 35.Qf6 Kxh6 36.Qh8+ Kg5 37.Qxh3 Rxe8 38.Qh4+ 1-0

[Event "Dublin zt"]
[Site "Dublin"]
[Date "1993.??.??"]
[Round "9"]
[White "Quinn, Mark"]
[Black "Waters, Michael"]
[Result "1-0"]
[WhiteElo "2270"]
[BlackElo "2100"]
[EventDate "1993.04.??"]
[PlyCount "69"]

1.c4 e5 2.Nc3 d6 3.g3 f5 4.d4 Nc6 5.e3 Nf6 6.Bg2 Be7 7.Nge2 O-O 8.f4 e4 9.
d5 Nb4 10.O-O c5 11.Bd2 Bd7 12.a3 Nd3 13.Rb1 a6 14.g4 Nxg4 15.Nxe4 fxe4 
16.Bxe4 Ngf2 17.Rxf2 Nxf2 18.Kxf2 Bg4 19.Qc2 Bh4+ 20.Ng3 h6 21.Kg2 Bxg3 
22.hxg3 Qd7 23.Bd3 Bh3+ 24.Kf2 h5 25.Rg1 b5 26.b3 Rab8 27.Bc1 Bf5 28.e4 
Bh7 29.Rh1 Bg6 30.Rh4 Rbe8 31.Bb2 Qe7 32.f5 Bxf5 33.exf5 Qe1+ 34.Kg2 Rxf5 
35.Rh1 1-0

[Event "Dublin zt"]
[Site "Dublin"]
[Date "1993.??.??"]
[Round "9"]
[White "Rayner, Francis"]
[Black "King, Daniel J"]
[Result "1-0"]
[WhiteElo "2270"]
[BlackElo "2500"]
[EventDate "1993.04.??"]
[PlyCount "79"]

1.c4 g6 2.Nf3 Bg7 3.d4 d6 4.g3 Bg4 5.Bg2 Nc6 6.d5 Bxf3 7.Bxf3 Ne5 8.Bg2 c5
9.dxc6 Nxc6 10.O-O Nf6 11.Nc3 O-O 12.b3 Qd7 13.Bb2 Rfc8 14.Qd2 Rab8 15.
Rfd1 Qd8 16.Rac1 Qf8 17.Bh3 Rd8 18.Nd5 Ne4 19.Qc2 Bxb2 20.Qxb2 Qg7 21.Qc2 
Ng5 22.Bg2 Ne6 23.e3 g5 24.b4 Re8 25.f4 h5 26.Rf1 Nf8 27.Qf5 g4 28.b5 Na5 
29.Qxh5 e6 30.f5 Nd7 31.f6 Qh8 32.Ne7+ Rxe7 33.Qxg4+ Kf8 34.fxe7+ Kxe7 35.
Qg5+ Ke8 36.Qf4 Ne5 37.c5 d5 38.c6 bxc6 39.bxc6 Naxc6 40.e4 1-0

[Event "Dublin zt"]
[Site "Dublin"]
[Date "1993.??.??"]
[Round "9"]
[White "Sadler, Matthew D"]
[Black "Kumaran, Dharshan"]
[Result "1/2-1/2"]
[WhiteElo "2540"]
[BlackElo "2385"]
[EventDate "1993.04.??"]
[PlyCount "183"]

1.d4 Nf6 2.c4 c5 3.d5 b5 4.Nf3 g6 5.Nbd2 Bg7 6.e4 O-O 7.cxb5 a6 8.b6 Qxb6 
9.Nc4 Qb7 10.Bd3 d6 11.Bd2 Nbd7 12.Rc1 Nb6 13.Na5 Qd7 14.Qb3 Qc7 15.Nc6 
Re8 16.Ba5 Nfd7 17.O-O Bb7 18.Ncd4 Rab8 19.Qa3 Rbc8 20.b4 c4 21.Be2 e5 22.
Nc2 Bh6 23.Ne3 c3 24.b5 Bxe3 25.fxe3 axb5 26.Rxc3 Qb8 27.Bxb5 Rxc3 28.Qxc3
Rc8 29.Qb4 Qa7 30.Kh1 Nc5 31.Be2 Nbd7 32.Ng5 Rf8 33.Bc7 h6 34.Nf3 Ba6 35.
Qa5 Ra8 36.Bxa6 Qxa6 37.Qxa6 Rxa6 38.Nd2 Rxa2 39.Nc4 Nxe4 40.Nxd6 Nxd6 41.
Bxd6 Rd2 42.Bb4 Rxd5 43.Kg1 Rb5 44.Bd6 Rd5 45.Bb4 Nc5 46.Bxc5 Rxc5 47.Ra1 
Kg7 48.Ra2 h5 49.Kf2 Rc4 50.Kf3 Kf6 51.g3 Kf5 52.Re2 Rc3 53.h3 Kg5 54.Rg2 
h4 55.g4 Rc4 56.Ra2 e4+ 57.Kf2 Rc5 58.Ra4 Rc2+ 59.Kg1 f5 60.gxf5 gxf5 61.
Ra5 Re2 62.Ra3 Rc2 63.Ra5 Re2 64.Ra3 Kf6 65.Ra6+ Ke5 66.Ra5+ Kd6 67.Ra6+ 
Kc5 68.Ra5+ Kc4 69.Rxf5 Rxe3 70.Rf4 Rg3+ 71.Kf2 Kd3 72.Rxh4 Rg8 73.Rh7 e3+
74.Kf3 Rf8+ 75.Kg2 e2 76.Rd7+ Kc2 77.Rc7+ Kd2 78.Rd7+ Ke1 79.Re7 Rf2+ 80.
Kg3 Kf1 81.h4 e1=Q 82.Rxe1+ Kxe1 83.h5 Ke2 84.Kg4 Ke3 85.h6 Ke4 86.Kg5 Ke5
87.h7 Rh2 88.Kg6 Ke6 89.Kg7 Rg2+ 90.Kf8 Rh2 91.Kg8 Rxh7 92.Kxh7 1/2-1/2

[Event "Dublin zt"]
[Site "Dublin"]
[Date "1993.??.??"]
[Round "9"]
[White "Summerscale, Aaron"]
[Black "McNab, Colin A"]
[Result "1/2-1/2"]
[WhiteElo "2345"]
[BlackElo "2490"]
[EventDate "1993.04.??"]
[PlyCount "30"]

1.e4 g6 2.d4 d6 3.Nf3 Nf6 4.Bd3 Bg7 5.O-O O-O 6.c3 Nc6 7.Nbd2 e5 8.dxe5 
Nxe5 9.Nxe5 dxe5 10.Bc4 Qe7 11.Re1 Bh6 12.Nf1 Bxc1 13.Rxc1 Qc5 14.Qd3 a5 
15.Ne3 c6 1/2-1/2

[Event "Dublin zt"]
[Site "Dublin"]
[Date "1993.??.??"]
[Round "9"]
[White "Wall, Gavin"]
[Black "Clarke, Thomas"]
[Result "0-1"]
[WhiteElo "2300"]
[BlackElo "2205"]
[EventDate "1993.04.??"]
[PlyCount "66"]

1.d4 e6 2.e4 d5 3.e5 c5 4.c3 Nc6 5.Nf3 Bd7 6.dxc5 Qc7 7.Bf4 Bxc5 8.b4 Be7 
9.Bd3 g5 10.b5 gxf4 11.bxc6 bxc6 12.Qd2 Bg5 13.O-O Bh6 14.c4 f6 15.Re1 
fxe5 16.Nxe5 Nf6 17.cxd5 Nxd5 18.Qe2 O-O-O 19.Nd2 Rdf8 20.Ba6+ Kd8 21.Ndf3
Bg7 22.Rac1 Bxe5 23.Nxe5 Rhg8 24.Qh5 Be8 25.Qh3 Rf5 26.Nxc6+ Bxc6 27.Rxe6 
Rfg5 28.Rcxc6 Rxg2+ 29.Kf1 Rg1+ 30.Ke2 f3+ 31.Kxf3 Rf8+ 32.Ke4 Qf4+ 33.
Kxd5 Rg5+ 0-1

[Event "Dublin zt"]
[Site "Dublin"]
[Date "1993.??.??"]
[Round "9"]
[White "Webster, Andrew"]
[Black "Howell, James C"]
[Result "1/2-1/2"]
[WhiteElo "2330"]
[BlackElo "2470"]
[EventDate "1993.04.??"]
[PlyCount "48"]

1.c4 Nf6 2.g3 e6 3.Nf3 b6 4.Bg2 Bb7 5.O-O Be7 6.Nc3 O-O 7.Re1 d5 8.cxd5 
exd5 9.d4 Na6 10.a3 c5 11.Nh4 Ne4 12.Nf5 Bf6 13.Nxe4 dxe4 14.dxc5 Nxc5 15.
Be3 Be5 16.Bxc5 bxc5 17.Qc2 Qf6 18.Bxe4 Bxe4 19.Qxe4 Bxb2 20.Ne7+ Kh8 21.
Nd5 Qe6 22.Qxe6 fxe6 23.Ra2 Bd4 24.Nf4 Bxf2+ 1/2-1/2

[Event "Dublin zt"]
[Site "Dublin"]
[Date "1993.??.??"]
[Round "10"]
[White "Barry, Colm"]
[Black "James, David J"]
[Result "1-0"]
[WhiteElo "2275"]
[BlackElo "2285"]
[EventDate "1993.04.??"]
[PlyCount "97"]

1.d4 Nf6 2.Nf3 b6 3.Bf4 Ba6 4.Nbd2 d5 5.e3 Bxf1 6.Nxf1 e6 7.N1d2 Be7 8.O-O
O-O 9.h3 c5 10.c4 Nc6 11.dxc5 Bxc5 12.Qe2 h6 13.Rfd1 Qe7 14.cxd5 Nxd5 15.
Bg3 f5 16.e4 Nf6 17.exf5 exf5 18.Qxe7 Bxe7 19.Re1 Bb4 20.a3 Bxd2 21.Nxd2 
Rfe8 22.Nc4 Ne4 23.Nd6 Nxd6 24.Bxd6 Kf7 25.Kf1 Rad8 26.Red1 Re6 27.Bc7 
Rxd1+ 28.Rxd1 Ke7 29.a4 Re4 30.b3 Rd4 31.Rxd4 Nxd4 32.b4 Ne6 33.Be5 a6 34.
b5 axb5 35.axb5 g6 36.Ke2 Nc5 37.Bc7 Ne4 38.Kd3 Nd6 39.Bxb6 Nxb5 40.Kc4 
Nd6+ 41.Kd5 Ne4 42.Bd4 Kf7 43.f3 Nf6+ 44.Bxf6 Kxf6 45.f4 h5 46.h4 Kf7 47.
Kd6 Kf6 48.Kd7 Kf7 49.g3 1-0

[Event "Dublin zt"]
[Site "Dublin"]
[Date "1993.??.??"]
[Round "10"]
[White "Parker, Jonathan"]
[Black "Sadler, Matthew D"]
[Result "1/2-1/2"]
[WhiteElo "2350"]
[BlackElo "2540"]
[EventDate "1993.04.??"]
[PlyCount "101"]

1.d4 d5 2.c4 dxc4 3.Nf3 Nf6 4.e3 a6 5.Bxc4 e6 6.Qe2 c5 7.dxc5 Bxc5 8.O-O 
Qc7 9.Nbd2 Nbd7 10.a3 b5 11.Ba2 Bb7 12.b4 Bd6 13.Bb2 O-O 14.Rac1 Qb8 15.
Rfd1 Rd8 16.Nf1 Bxf3 17.Qxf3 Be5 18.Bxe5 Qxe5 19.Rd4 a5 20.Qe2 axb4 21.
axb4 Rdc8 22.Rcd1 Nb6 23.Bb1 Na4 24.Qd2 Qc7 25.Ng3 Nc3 26.Rc1 Nfd5 27.h3 
g6 28.Bd3 Qb8 29.Bf1 Ra2 30.Qd3 Ra3 31.Qd2 Ra2 32.Qd3 Qe5 33.Ne4 Qf5 34.
Rxc3 Nxc3 35.Nxc3 Qxf2+ 36.Kh2 Ra1 37.Nd1 Qf6 38.Rf4 Qe5 39.Qd4 Qc7 40.
Qxa1 g5 41.Qf6 gxf4 42.Qg5+ Kf8 43.exf4 Qc1 44.Be2 Qd2 45.Qe5 Rc2 46.Bf3 
Rc4 47.Ne3 Rxb4 48.Qc5+ Kg8 49.Qg5+ Kf8 50.Qc5+ Kg8 51.Qg5+ 1/2-1/2

[Event "Dublin zt"]
[Site "Dublin"]
[Date "1993.??.??"]
[Round "10"]
[White "Quinn, Mark"]
[Black "McMahon, Daire"]
[Result "0-1"]
[WhiteElo "2270"]
[BlackElo "2310"]
[EventDate "1993.04.??"]
[PlyCount "80"]

1.c4 Nf6 2.g3 e5 3.Bg2 c6 4.d4 exd4 5.Qxd4 d5 6.Nf3 Bb4+ 7.Bd2 Be7 8.cxd5 
cxd5 9.O-O Nc6 10.Qa4 O-O 11.Be3 Ng4 12.Bd4 Nxd4 13.Nxd4 Bc5 14.Nc3 Bd7 
15.Qd1 Qf6 16.Nf3 Be6 17.Qd2 h6 18.h3 Ne5 19.Nxd5 Nxf3+ 20.exf3 Qg6 21.
Rfc1 Bd6 22.Nf4 Bxf4 23.Qxf4 Rac8 24.Qa4 Qf6 25.Qb4 b6 26.f4 Rxc1+ 27.Rxc1
Bxa2 28.Ra1 a5 29.Qb5 Qe6 30.Rc1 Qb3 31.Qe5 Qb4 32.f5 f6 33.Bd5+ Kh7 34.
Qe6 Qd2 35.Bxa2 Qxc1+ 36.Kg2 Qxb2 37.Qe7 Qb4 38.Qb7 Qc5 39.g4 a4 40.Qa7 a3
0-1

[Event "Dublin zt"]
[Site "Dublin"]
[Date "1993.??.??"]
[Round "10"]
[White "Rayner, Francis"]
[Black "Ludgate, Alan"]
[Result "1/2-1/2"]
[WhiteElo "2270"]
[BlackElo "2250"]
[EventDate "1993.04.??"]
[PlyCount "25"]

1.c4 g6 2.Nf3 Bg7 3.d4 d6 4.g3 Nd7 5.Bg2 e5 6.Nc3 Ne7 7.O-O O-O 8.e4 exd4 
9.Nxd4 Ne5 10.b3 N7c6 11.Nde2 f5 12.f4 Ng4 13.e5 1/2-1/2

[Event "Dublin zt"]
[Site "Dublin"]
[Date "1993.??.??"]
[Round "10"]
[White "Roberts, Paul"]
[Black "Costello, Colin"]
[Result "0-1"]
[WhiteElo "2160"]
[BlackElo "2245"]
[EventDate "1993.04.??"]
[PlyCount "118"]

1.e4 e6 2.d4 d5 3.Nd2 c5 4.exd5 exd5 5.Ngf3 Nc6 6.dxc5 Bxc5 7.Nb3 Bd6 8.
Bd3 Nf6 9.O-O O-O 10.c3 Bg4 11.Be3 Qc7 12.h3 Bh5 13.Nbd4 a6 14.Qc2 Rfe8 
15.Rae1 Ne4 16.Nd2 Nxd4 17.Bxd4 f5 18.Nxe4 dxe4 19.Qb3+ Bf7 20.Bb6 Bxb3 
21.Bxc7 Bxc7 22.Bxe4 fxe4 23.axb3 Rad8 24.Re2 Kf7 25.Rfe1 Kf6 26.g4 Bb6 
27.Rxe4 Rxe4 28.Rxe4 Rd2 29.Rf4+ Ke6 30.Re4+ Kd6 31.Rf4 Ke6 32.Re4+ Kf6 
33.Rf4+ Kg6 34.Kg2 Rxb2 35.b4 Rc2 36.Rf3 a5 37.bxa5 Bxa5 38.Rd3 Rxc3 39.
Rd6+ Kf7 40.Rd7+ Kf6 41.Rxb7 Bc7 42.Rb5 Bd6 43.Rf5+ Ke6 44.Rh5 h6 45.Rb5 
Be5 46.Rb6+ Kd5 47.Ra6 Ke4 48.Ra2 Rd3 49.Rc2 Kf4 50.Ra2 Bd4 51.Re2 Rd1 52.
Rc2 Kg5 53.Ra2 Kh4 54.Ra5 g6 55.Ra3 Rd2 56.Rf3 Rxf2+ 57.Rxf2 Bxf2 58.Kh2 
Bg3+ 59.Kg2 g5 0-1

[Event "Dublin zt"]
[Site "Dublin"]
[Date "1993.??.??"]
[Round "10"]
[White "Short, Philip M"]
[Black "Hodgson, Julian M"]
[Result "0-1"]
[WhiteElo "2300"]
[BlackElo "2565"]
[EventDate "1993.04.??"]
[PlyCount "76"]

1.d4 Nf6 2.Nf3 c5 3.e3 g6 4.Be2 Bg7 5.O-O O-O 6.c4 d5 7.Nc3 Nc6 8.dxc5 
dxc4 9.Qxd8 Rxd8 10.Bxc4 Nd7 11.Rd1 Nxc5 12.Rxd8+ Nxd8 13.Bd2 Nc6 14.h3 
Bf5 15.g4 Bd3 16.Bxd3 Nxd3 17.Rb1 Rd8 18.Kf1 Kf8 19.Ke2 Ke8 20.Nd1 e5 21.
b4 h6 22.Bc3 b5 23.Ne1 Nxe1 24.Kxe1 Bf8 25.Ke2 e4 26.a3 a6 27.Rb2 Ke7 28.
Rc2 Rc8 29.f4 exf3+ 30.Kxf3 Ne5+ 31.Ke2 Ke6 32.Ra2 Rc4 33.Rd2 Bd6 34.Bd4 
Rc1 35.Bb2 Rb1 36.Nc3 Rh1 37.Ne4 Nc4 38.Nf2 Rb1 0-1

[Event "Dublin zt"]
[Site "Dublin"]
[Date "1993.??.??"]
[Round "10"]
[White "Waters, Michael"]
[Black "Lawson, David"]
[Result "1/2-1/2"]
[WhiteElo "2100"]
[BlackElo "2255"]
[EventDate "1993.04.??"]
[PlyCount "53"]

1.e4 c5 2.Nc3 Nc6 3.f4 g6 4.Nf3 Bg7 5.Bc4 e6 6.d3 Nge7 7.O-O O-O 8.a3 a6 
9.Qe1 Nd4 10.Nxd4 cxd4 11.Ne2 d5 12.Ba2 dxe4 13.dxe4 Qc7 14.c3 dxc3 15.
Nxc3 Bd7 16.Be3 Bc6 17.Rc1 Rac8 18.Qf2 b5 19.e5 Qb7 20.Bc5 Bxg2 21.Bxe7 
Bxf1 22.Bxf8 Bxf8 23.Kxf1 Qh1+ 24.Qg1 Qf3+ 25.Qf2 Qh1+ 26.Qg1 Qf3+ 27.Qf2 
1/2-1/2

[Event "Dublin zt"]
[Site "Dublin"]
[Date "1993.??.??"]
[Round "10"]
[White "Wells, Peter K"]
[Black "Rossiter, Philip J"]
[Result "1-0"]
[WhiteElo "2485"]
[BlackElo "2270"]
[EventDate "1993.04.??"]
[PlyCount "81"]

1.e4 c5 2.Nf3 e6 3.d4 cxd4 4.Nxd4 Nf6 5.Nc3 d6 6.g4 h6 7.h4 Nc6 8.Rg1 h5 
9.gxh5 Nxh5 10.Bg5 Nf6 11.Be2 a6 12.Qd2 Qb6 13.Nb3 Bd7 14.h5 Nxh5 15.Rh1 
g6 16.O-O-O Rg8 17.e5 Nxe5 18.f4 f6 19.fxe5 fxg5 20.Ne4 O-O-O 21.Nxd6+ 
Bxd6 22.exd6 Bc6 23.Rhg1 Nf6 24.Bc4 Bd5 25.Bxd5 Nxd5 26.c4 Nf6 27.c5 Qc6 
28.Qxg5 Nd5 29.Qe5 Kb8 30.Kb1 Rgf8 31.Nd4 Qa4 32.c6 bxc6 33.Nxe6 Rf5 34.
d7+ Rxe5 35.Nxd8 Re7 36.Nxc6+ Qxc6 37.d8=Q+ Kb7 38.Qxd5 Rc7 39.Qxc6+ Rxc6 
40.Rd5 Re6 41.Rdg5 1-0

[Event "Dublin zt"]
[Site "Dublin"]
[Date "1993.??.??"]
[Round "11"]
[White "Crouch, Colin S"]
[Black "Wells, Peter K"]
[Result "1/2-1/2"]
[WhiteElo "2415"]
[BlackElo "2485"]
[EventDate "1993.04.??"]
[PlyCount "85"]

1.d4 d5 2.c4 e6 3.Nc3 c6 4.e4 dxe4 5.Nxe4 Bb4+ 6.Bd2 Qxd4 7.Bxb4 Qxe4+ 8.
Be2 Nd7 9.Nf3 c5 10.Bc3 Ne7 11.O-O O-O 12.Bd3 Qf4 13.Re1 Ng6 14.g3 Qh6 15.
h4 e5 16.Be2 Ne7 17.Nxe5 Nxe5 18.Bxe5 Nc6 19.Qd6 Nxe5 20.Qxe5 Qc6 21.Bf1 
Be6 22.Bg2 Qb6 23.b3 Rad8 24.Rad1 Qa5 25.Rxd8 Rxd8 26.Bd5 Qb6 27.Bxe6 Qxe6
28.Qxe6 fxe6 29.Rxe6 Kf7 30.Re3 Rd2 31.a4 Kf6 32.Kg2 h5 33.Kf3 g6 34.Rc3 
b6 35.Ke3 Rb2 36.Rd3 Ke5 37.a5 Kf5 38.axb6 axb6 39.Rd5+ Ke6 40.Rd3 Ke5 41.
f3 Kf5 42.Rd5+ Ke6 43.Rd3 1/2-1/2

[Event "Dublin zt"]
[Site "Dublin"]
[Date "1993.??.??"]
[Round "11"]
[White "Daly, Colm"]
[Black "Ludgate, Alan"]
[Result "0-1"]
[WhiteElo "2275"]
[BlackElo "2250"]
[EventDate "1993.04.??"]
[PlyCount "81"]

1.c4 g6 2.Nc3 Bg7 3.g3 e5 4.Bg2 d6 5.Rb1 f5 6.d3 Nf6 7.Nf3 O-O 8.Bg5 h6 9.
Bxf6 Bxf6 10.O-O c6 11.Nd2 Be6 12.b4 e4 13.Qb3 exd3 14.exd3 Nd7 15.b5 Qa5 
16.Rfc1 cxb5 17.Qc2 bxc4 18.Nb5 c3 19.Nc4 Bxc4 20.dxc4 Nc5 21.Nxd6 Rad8 
22.Bd5+ Kh8 23.Nxb7 Nxb7 24.Rxb7 Rb8 25.Rcb1 Rxb7 26.Rxb7 Qc5 27.Kg2 Qd4 
28.Qa4 Bg7 29.Rxa7 c2 30.Rxg7 c1=Q 31.Rf7 Qxd5+ 32.cxd5 Rxf7 33.Qe8+ Kg7 
34.Qe5+ Kh7 35.Qe8 Qc7 36.d6 Qd7 37.Qe5 Qc6+ 38.f3 Rd7 39.h4 Qxd6 40.Qb5 
Qd1 41.Kh3 0-1

[Event "Dublin zt"]
[Site "Dublin"]
[Date "1993.??.??"]
[Round "11"]
[White "Hodgson, Julian M"]
[Black "Kumaran, Dharshan"]
[Result "1-0"]
[WhiteElo "2565"]
[BlackElo "2385"]
[EventDate "1993.04.??"]
[PlyCount "93"]

1.c4 e5 2.Nc3 Nf6 3.Nf3 Nc6 4.g3 Bb4 5.Bg2 O-O 6.O-O e4 7.Ng5 Bxc3 8.bxc3 
Re8 9.f3 exf3 10.Nxf3 d5 11.cxd5 Qxd5 12.Nd4 Qc5 13.e3 Nxd4 14.cxd4 Qa5 
15.Rxf6 gxf6 16.d5 Qb4 17.Qc2 Bg4 18.Rb1 Bd1 19.Qxh7+ Kxh7 20.Rxb4 Rab8 
21.Rf4 Bc2 22.Bb2 f5 23.g4 Rbd8 24.gxf5 Rd6 25.Rh4+ Rh6 26.Rc4 Bxf5 27.
Rxc7 Rb6 28.Bd4 Rb1+ 29.Kf2 Kg6 30.h4 Bg4 31.d6 Rd1 32.Bc3 Rd8 33.Rxb7 
Rxd6 34.Rxa7 Be6 35.Be4+ f5 36.Bf3 R1xd2+ 37.Kg3 R2d3 38.h5+ Kh6 39.Bg7+ 
Kg5 40.Be5 Rd7 41.Ra6 Re7 42.a4 Kh6 43.Kf4 Kh7 44.Ra8 Bg8 45.Bd4 Rd2 46.
Rd8 Rd3 47.Bd5 1-0

[Event "Dublin zt"]
[Site "Dublin"]
[Date "1993.??.??"]
[Round "11"]
[White "Howell, James C"]
[Black "Parker, Jonathan"]
[Result "1/2-1/2"]
[WhiteElo "2470"]
[BlackElo "2350"]
[EventDate "1993.04.??"]
[PlyCount "65"]

1.e4 c5 2.Nf3 d6 3.d4 cxd4 4.Nxd4 Nf6 5.Nc3 g6 6.Be3 Bg7 7.f3 Nc6 8.Qd2 
O-O 9.O-O-O d5 10.exd5 Nxd5 11.Nxc6 bxc6 12.Bd4 e5 13.Bc5 Re8 14.Nxd5 cxd5
15.Qxd5 Qxd5 16.Rxd5 Be6 17.Rd6 Bxa2 18.b4 a5 19.Bb5 Rec8 20.Bd7 Rc7 21.
Bc6 Rac8 22.b5 Bf8 23.Rhd1 Bxd6 24.Rxd6 Rb8 25.Bf2 Bc4 26.b6 Rcc8 27.Kb2 
Be6 28.g4 g5 29.Ka3 Kg7 30.h3 h6 31.Bg1 Kf8 32.Bc5 Kg7 33.Bf2 1/2-1/2

[Event "Dublin zt"]
[Site "Dublin"]
[Date "1993.??.??"]
[Round "11"]
[White "Mannion, Stephen R"]
[Black "Barry, Colm"]
[Result "1/2-1/2"]
[WhiteElo "2405"]
[BlackElo "2275"]
[EventDate "1993.04.??"]
[PlyCount "28"]

1.e4 d5 2.exd5 Qxd5 3.Nc3 Qa5 4.d4 Nf6 5.Nf3 c6 6.Ne5 Nbd7 7.Nc4 Qd8 8.Bg5
Nb6 9.Be2 Bf5 10.O-O e6 11.Re1 Nxc4 12.Bxc4 Be7 13.Qd2 O-O 14.Bd3 Bxd3 
1/2-1/2

[Event "Dublin zt"]
[Site "Dublin"]
[Date "1993.??.??"]
[Round "11"]
[White "Rossiter, Philip J"]
[Black "King, Daniel J"]
[Result "1-0"]
[WhiteElo "2270"]
[BlackElo "2500"]
[EventDate "1993.04.??"]
[PlyCount "79"]

1.d4 d6 2.c4 e5 3.Nf3 e4 4.Nfd2 f5 5.e3 Nf6 6.Nc3 g6 7.Be2 Bg7 8.b3 c5 9.
dxc5 dxc5 10.Bb2 Nc6 11.a3 O-O 12.Qc2 Be6 13.O-O-O Qe7 14.h3 Rad8 15.Kb1 
Nd4 16.Qc1 Nxe2 17.Nxe2 Rd7 18.Ka2 Rfd8 19.Nf4 Bf7 20.Nb1 g5 21.Ne2 b5 22.
Nd2 Rd3 23.Nc3 Qd7 24.cxb5 a6 25.b6 Nd5 26.Ncb1 Nxb6 27.Bxg7 Kxg7 28.Qxc5 
Qe6 29.Qc2 Qd5 30.Qb2+ Kg8 31.Ka1 Qd6 32.f3 exf3 33.gxf3 Nd5 34.Nc4 Rxd1 
35.Nxd6 Rxh1 36.Nxf5 Kf8 37.Qh8+ Bg8 38.Qg7+ Ke8 39.Qxg8+ Kd7 40.Qxd5+ 1-0

[Event "Dublin zt"]
[Site "Dublin"]
[Date "1993.??.??"]
[Round "11"]
[White "Ryan, Joseph"]
[Black "Quinn, Mark"]
[Result "0-1"]
[WhiteElo "2270"]
[BlackElo "2270"]
[EventDate "1993.04.??"]
[PlyCount "106"]

1.e4 e6 2.d4 d5 3.Nc3 Nf6 4.e5 Ne4 5.Nce2 f6 6.f3 Ng5 7.h4 Nf7 8.f4 c5 9.
c3 Be7 10.Nf3 Nh6 11.Ng3 Nc6 12.Bd3 cxd4 13.cxd4 Bb4+ 14.Bd2 Qe7 15.a3 
Bxd2+ 16.Qxd2 Bd7 17.Rc1 a6 18.h5 O-O 19.exf6 Qxf6 20.Ne2 Rac8 21.Bb1 Ne7 
22.Rxc8 Rxc8 23.Ng5 Nef5 24.Nf3 Bb5 25.Nc3 Be8 26.Ne5 Ng3 27.Rh3 Nxh5 28.
Qd3 Bg6 29.Nxg6 hxg6 30.g3 Kf7 31.Qd2 Kg8 32.Qd3 Kf7 33.Qd2 Kg8 34.Ne2 Qf7
35.Qe3 Nf6 36.Qf3 Nfg4 37.Rh4 Nf6 38.g4 Ne8 39.Qh1 Kf8 40.Qh3 Ke7 41.Qe3 
Nd6 42.b3 Kd7 43.Nc1 Qe7 44.Rxh6 gxh6 45.Nd3 Qh4+ 46.Kf1 Qh1+ 47.Qg1 Qxg1+
48.Kxg1 Ke7 49.Kg2 Ne4 50.Ne5 g5 51.f5 exf5 52.gxf5 Rc3 53.b4 Rxa3 0-1

[Event "Dublin zt"]
[Site "Dublin"]
[Date "1993.??.??"]
[Round "11"]
[White "Sadler, Matthew D"]
[Black "Levitt, Jonathan"]
[Result "1-0"]
[WhiteElo "2540"]
[BlackElo "2460"]
[EventDate "1993.04.??"]
[PlyCount "99"]

1.d4 d5 2.c4 c6 3.Nc3 Nf6 4.e3 a6 5.Nf3 b5 6.b3 Bg4 7.h3 Bxf3 8.Qxf3 e6 9.
Bd3 Bb4 10.Bd2 Qa5 11.Rc1 Bxc3 12.Rxc3 Qxa2 13.Qd1 O-O 14.O-O Qa3 15.Qa1 
Qxa1 16.Rxa1 Ra7 17.cxb5 cxb5 18.Rc2 Rb7 19.Bb4 Re8 20.Rac1 Nbd7 21.Rc8 
Rb8 22.R8c6 Rb6 23.Rc7 g5 24.Ra7 Nb8 25.Rcc7 Nc6 26.Bc5 Nxa7 27.Bxb6 Nc8 
28.Bc5 Ne4 29.Bxe4 dxe4 30.b4 Kg7 31.f3 exf3 32.gxf3 Kg6 33.e4 h5 34.Kg2 
Rd8 35.Rc6 Kg7 36.Kh2 Kh7 37.h4 gxh4 38.Kh3 Kg7 39.Kxh4 Kf6 40.Kxh5 Ne7 
41.Rxa6 Ng6 42.Kg4 Rb8 43.Kg3 Rb7 44.Kf2 Nf4 45.d5 Nd3+ 46.Ke3 Ne1 47.f4 
Ng2+ 48.Kf3 Nh4+ 49.Kg3 Ng6 50.f5 1-0

[Event "Dublin zt"]
[Site "Dublin"]
[Date "1993.??.??"]
[Round "11"]
[White "Short, Philip M"]
[Black "Rayner, Francis"]
[Result "1/2-1/2"]
[WhiteElo "2300"]
[BlackElo "2270"]
[EventDate "1993.04.??"]
[PlyCount "54"]

1.d4 Nf6 2.Nf3 g6 3.c4 Bg7 4.Nc3 O-O 5.g3 d6 6.Bg2 Nc6 7.O-O a6 8.h3 e5 9.
d5 Ne7 10.b4 a5 11.Ba3 Nd7 12.bxa5 Rxa5 13.Bb4 Ra8 14.e4 Kh8 15.a4 Ng8 16.
h4 Nc5 17.Bxc5 dxc5 18.Ne1 f5 19.Nd3 Qe7 20.Re1 f4 21.a5 Nh6 22.Qd2 Ng4 
23.Nd1 Ra6 24.Ra3 g5 25.hxg5 fxg3 26.fxg3 Rg6 27.N1f2 Nxf2 1/2-1/2

[Event "Dublin zt"]
[Site "Dublin"]
[Date "1993.??.??"]
[Round "11"]
[White "Summerscale, Aaron"]
[Black "Smith, Andrew Philip"]
[Result "0-1"]
[WhiteElo "2345"]
[BlackElo "2265"]
[EventDate "1993.04.??"]
[PlyCount "80"]

1.e4 e5 2.Nf3 d6 3.Bc4 Qf6 4.Nc3 c6 5.h3 h6 6.d4 Be7 7.Be3 Nd7 8.a4 Bd8 9.
a5 a6 10.O-O Ne7 11.Qd2 g5 12.dxe5 dxe5 13.Ne1 Ng6 14.Nd3 Nf4 15.f3 Be7 
16.Na4 O-O 17.b4 Rd8 18.Rfd1 Nf8 19.Nb6 Rb8 20.Nxc8 Rbxc8 21.Qe1 N8g6 22.
Nxf4 Nxf4 23.Bb6 Rd6 24.Rd2 Rxd2 25.Qxd2 c5 26.b5 axb5 27.Qd7 Rf8 28.Bxb5 
Ng6 29.Qxb7 Qf4 30.Qd7 Qe3+ 31.Kh1 Qf2 32.Bf1 Qxc2 33.Rd1 Qf2 34.Qd2 Qg3 
35.a6 g4 36.fxg4 Bg5 37.Qd3 Qf2 38.a7 Be3 39.Be2 Nf4 40.Rf1 Qxg2# 0-1